Sports Quiz

Random Sports Quiz

Career Path Ligue 1 Quiz Stats

 Plays Quiz not verified by Sporcle

Challenge
Share
Tweet
Embed
Score 0/13 Timer 08:00
0 Plays Today
Teams Player % Correct
River Plate - FC Porto - Atletico Madrid - AS Monaco - Manchester United - Chelsea FC - AS MonacoRadamel Falcao
93.8%
Montpellier HSC - Newcastle United - AS Roma - Olympique LyonnaisMapou Yanga Mbiwa
92.6%
FC Nantes - Olympique Lyonnais - Malaga CF - AS Monaco - FC Girondins BordeauxJérémy Toulalan
92.6%
FC Barcelona - Atletico Madrid - Genoa CFC - Inter Milan - Paris SGThiago Motta
92.6%
FC Nantes - AS Saint-Etienne - Lille OSC - Olympique de Marseille - West Ham - Olympique de MarseilleDimitri Payet
91.4%
Olympique Lyonnais - Fulham FC - Tottenham - Sunderland - ASSE - Olympique Lyonnais - SM CaenSteed Malbranque
88.9%
FCG Bordeaux - AC Ajaccio - AS Nancy Lorraine - FCG Bordeaux - Osmanlispor - FC MetzCheick Diabaté
86.4%
SC Toulon - AS Monaco - AC Ajaccio - Olympique Lyonnais - Sevilla FC - Arsenal - SC BastiaSébastien Squillaci
86.4%
CS Louhans Cuiseaux - Bayern Munich - Liverpool FC - RC Lens - Olympique Lyonnais - FCG Bordeaux - Olympique de Marseille - West Ham - Stade Rennais- Charlton - AS Nancy LorrainAlou Diarra
81.5%
FC Nantes - Standard Liège - Dynamo Moscou - AS Roma - Olympique de MarseilleWilliam Vainqueur
77.8%
SM Caen - Lille OSC - Olympique Lyonnais - Paris SG - ASSE - OGC Nice - EA GuingampMathieu Bodmer
75.3%
Real Sociedad - FC Sion - VfL Wolfsburg - FC Augsburg - FC Sochaux - FC Bale - SC Bastia - Stade RennaisGiovanni Sio
69.1%
CS Sedan Ardennes - FC Lorient - Olympique de Marseille - West Bromwich Albion - West Ham - Lille OSC - Stade RennaisMorgan Amalfitano
54.3%

You're not logged in!

Compare scores with friends on all Sporcle quizzes.
Join for Free
OR
Log In

You Might Also Like...

Show Comments

Extras

Created Feb 13, 2017ReportNominate
Tags:Ligue 1

Top Quizzes Today


Score Distribution

Your Account Isn't Verified!

In order to create a playlist on Sporcle, you need to verify the email address you used during registration. Go to your Sporcle Settings to finish the process.

Report this User

Report this user for behavior that violates our Community Guidelines.

Details: